|
|
|
|
| LEADER |
00000cam a2200000 7i4500 |
| 001 |
0000055191 |
| 005 |
20151116.0 |
| 008 |
151116 |
| 020 |
|
|
|a 085078736x
|
| 090 |
0 |
0 |
|a 595.78
|b POR
|
| 100 |
1 |
|
|a Porter, Keith
|
| 245 |
1 |
0 |
|a Discovering :
|b Butterflies And Moths
|c Keith Porter
|
| 260 |
|
|
|a England :
|b Wayland(Publishers) Limited ,
|c 1986
|
| 300 |
|
|
|a 46pg
|
| 500 |
|
|
|a Includes Index & Glossary
|
| 650 |
|
0 |
|a Butterflies
|x Juvenile Litreature
|
| 650 |
|
0 |
|a Moths
|x Juvenile litreature
|
| 999 |
|
|
|a 0000776619
|b Book
|c Adult Collection
|e Cawangan Pontian
|
| 999 |
|
|
|a 0000794258
|b Book
|c Adult Collection
|e Cawangan Segamat
|
| 999 |
|
|
|a 0000795455
|b Book
|c Adult Collection
|e Cawangan Mersing
|
| 999 |
|
|
|a 0000819064
|b Book
|c Adult Collection
|e Cawangan Segamat
|
| 999 |
|
|
|a 0000819065
|b Book
|c Adult Collection
|e Cawangan Segamat
|